000 00567nmm a2200169Ia 4500
008 251105s9999||||xx |||||||||||||||||und||
020 _a9789587388015
041 _aspa
100 _aEsguerra Pardo, Nicolás Boris
245 0 _aTeoría sociológica :
_b Ensayos sobre Marx, Sorel, Simmel, Durkheim, Weber, Merton y Bourdieu
264 _a[Bogotá, Colombia] :
_bUniversidad del Rosario,
_c2016
300 _a216 páginas
490 _aTextos de Ciencias Humanas
650 _aSociology
856 _uhttps://public.digitaliapublishing.com/a/46580
942 _cCF
999 _c95867
_d95867